000 00750nam a22002537a 4500
999 _c4321
_d4321
003 AR-CdUCM
008 190308b ||||| |||| 00| 0 spa d
020 _a84-02-07667-x
040 _aMUNICIPALIDAD PROVINCIAL DEL CUSCO
_cBIBLIOTECA MUNICIPAL DEL CUSCO
041 _heng.
082 _a863 /
_bSCO42
100 _aThomas N. Scortia
_913657
245 _aProyecto promoteo /
260 _aBarcelona :
_bEdit.Bruguera,
_c1981.
300 _a442 paginas ;
_c17 cm.
440 _aColección naranja
_913658
505 _aContenido :Novela /
650 _aCiencia ficción
_91624
650 _aNovelas
_9218
650 _aNovelas fantasticas
_910878
700 _aJose Manuel Pomares (traductor)
_913659
942 _2ddc
_cLIBROS
945 _arjall